| 000 | 00854nam a2200277Ia 4500 | ||
|---|---|---|---|
| 003 | OSt | ||
| 005 | 20221005092009.0 | ||
| 006 | a|||||r|||| 00| 0 | ||
| 007 | ta | ||
| 008 | 221004b |||||||| |||| 00| 0 eng d | ||
| 020 |
_a9781841694399 (hbk) _c2926.32 |
||
| 024 | _a89070 | ||
| 037 |
_b11804, 22/02/2008, Overseas Press _cTextual |
||
| 040 |
_aCRL _cCRL _beng |
||
| 041 |
_2eng _aeng |
||
| 082 | _aS:45, P7 | ||
| 100 |
_aSedikides Constantine Ed. _9140771 |
||
| 245 | 0 | _aSelf | |
| 260 |
_aNew York _bPsychology Press U.S.A _c2007 |
||
| 300 |
_axii, 364p. _ccm. |
||
| 490 | _aFrontiers of social psychology | ||
| 650 | _aPSYCHOLOGY | ||
| 700 |
_a Spencer Steven J. Ed. _9616776 |
||
| 942 |
_hS:45, P7 _cTEXL _2cc |
||
| 999 |
_c998120 _d998120 |
||